Selección de lecturas sobre trabajo comunitario /
Selección de textos de estudio para el tercer módulo del Diplomado de Educación Popular; la base de estos textos está constituida por una síntesis de las aportaciones del primer Encuentro Nacional de Experiencias Comunitarias, que se llevó a cabo en La Habana, Cuba, los días 23 y 26 de noviembre de...
Furkejuvvon:
| Searvvušdahkki: | |
|---|---|
| Eará dahkkit: | , |
| Materiálatiipa: | Konfereansapublikašuvdna Girji |
| Giella: | espánnjágiella |
| Almmustuhtton: |
La Habana, Cuba :
Colectivo de Investigación Educativa Graciela Bustillos,
1999
|
| Fáttát: | |
| Fáddágilkorat: |
Eai fáddágilkorat, Lasit vuosttaš fáddágilkora!
|
MARC
| LEADER | 00000nam^a2200000^a^4500 | ||
|---|---|---|---|
| 001 | 000395497 | ||
| 005 | 20250521000000.0 | ||
| 009 | 20260310121404.172 | ||
| 037 | |a Acervo ITESO - Biblioteca | ||
| 041 | |a ESP | ||
| 082 | |a 361. 8097291 |b EXP 1998 | ||
| 111 | |a Encuentro Nacional de Experiencias Comunitarias ( |d 1998 : |c La Habana, Cuba) | ||
| 245 | 1 | 0 | |a Selección de lecturas sobre trabajo comunitario / |c Encuentro Nacional de Experiencias Comunitarias ; selec. de N. González Rodríguez, A. Fernández Díaz. |
| 264 | 1 | |a La Habana, Cuba : |b Colectivo de Investigación Educativa Graciela Bustillos, |c 1999 | |
| 300 | |a 117 p. | ||
| 336 | |a texto |b txt |2 rdacontenido | ||
| 337 | |a sin mediación |b n |2 rdamedio | ||
| 338 | |a volumen |b nc |2 rdasoporte | ||
| 520 | |a Selección de textos de estudio para el tercer módulo del Diplomado de Educación Popular; la base de estos textos está constituida por una síntesis de las aportaciones del primer Encuentro Nacional de Experiencias Comunitarias, que se llevó a cabo en La Habana, Cuba, los días 23 y 26 de noviembre de 1998, con el objetivo de poner en común las características de la práctica de trabajo en la comunidad, para sobre esa base, trazar metas que puedan elevar su efectividad. | ||
| 649 | |a XX | ||
| 650 | |a Participación Social | ||
| 650 | |a Asociaciones Civiles - |x Administración | ||
| 650 | |a Trabajo Social - |z Cuba - |x Congresos | ||
| 650 | |a Desarrollo Comunitario | ||
| 650 | |a Diagnóstico Educativo | ||
| 650 | |a Planeación Educativa | ||
| 650 | |a Metodología Educativa | ||
| 650 | |a Educación y Sociedad | ||
| 650 | |a Educación y Promoción Popular - |x Congresos | ||
| 650 | |a Educación y Promoción Popular - |x Metodología | ||
| 650 | |a Educación y Promoción Popular - |z Cuba - |x Tema Principal | ||
| 650 | |a Cuba - |x Condiciones Sociales y Culturales | ||
| 700 | |a González Rodríguez, Nydia |e (selección) | ||
| 700 | |a Fernández Díaz, Argelia |e (selección) | ||
| 910 | |a Fondo Carlos Núñez Hurtado | ||
| 920 | |a Impresos - Libros | ||
| 930 | |a Fondos Especiales | ||
| 905 | |a 117 | ||
| 901 | |a 0500290842 |b IT2 |c ESP |i D81537 |u 20250521 | ||
| 902 | |a https://opac.biblio.iteso.mx/vufind/Record/000395497 | ||